[Event "Holiday Invitational-IM 2019"]
[Site "Charlotte"]
[Date "2019.12.27"]
[Round "2.5"]
[White "Myers, Dominique"]
[Black "Diulger, Alexey"]
[Result "0-1"]
[WhiteElo "2012"]
[BlackElo "2291"]
[Annotator "ChessBase"]
[PlyCount "78"]
[EventDate "2019.12.26"]
[EventType "tourn"]
[EventCountry "USA"]
[SourceTitle "playchess.com"]
[Source "ChessBase"]
[SourceQuality "1"]
[TimeControl "5400+30"]

1. e4 {[%emt 0:00:47]} g6 {[%emt 0:00:00]} 2. d4 {[%emt 0:00:10]} Bg7 {[%emt 0:00:00]} 3. Nc3 {[%emt 0:00:14]} d6 {[%emt 0:00:00]} 4. Be3 {[%emt 0:00:34]} a6 {[%emt 0:02:07]} 5. h3 {[%emt 0:00:17]} b5 {[%emt 0:01:04]} 6. g4 {[%emt 0:03:28]} Bb7 {[%emt 0:02:07]} 7. Bg2 {[%emt 0:00:11]} Nd7 {[%emt 0:00:16]} 8. Nge2 {[%emt 0:02:00]} Nb6 {[%emt 0:00:06]} 9. O-O {[%emt 0:00:40]} h5 {[%emt 0:00:16]} 10. g5 {[%emt 0:05:58]} Nc4 {[%emt 0:02:10]} 11. Bc1 {[%emt 0:00:10]} c5 {[%emt 0:02:26]} 12. b3 {[%emt 0:16:59]} cxd4 {[%emt 0:01:11]} 13. bxc4 {[%emt 0:00:31]} dxc3 {[%emt 0:00:17]} 14. cxb5 {[%emt 0:00:12]} axb5 {[%emt 0:00:26]} 15. Qd3 {[%emt 0:01:14]} Ba6 {[%emt 0:15:52]} 16. e5 {[%emt 0:13:20]} b4 {[%emt 0:03:20]} 17. Qe4 {[%emt 0:04:48]} d5 {[%emt 0:02:51]} 18. Qxd5 {[%emt 0:02:50]} Qxd5 {[%emt 0:00:12]} 19. Bxd5 {[%emt 0:00:06]} Rd8 {[%emt 0:00:34]} 20. Rd1 {[%emt 0:16:19]} Rxd5 {[%emt 0:03:36]} 21. Rxd5 {[%emt 0:00:06]} Bxe2 {[%emt 0:00:04]} 22. f4 {[%emt 0:03:55]} e6 {[%emt 0:00:34]} 23. Rc5 {[%emt 0:01:37]} Ne7 {[%emt 0:02:06]} 24. Kf2 {[%emt 0:01:48]} Bd1 {[%emt 0:01:41]} 25. a3 {[%emt 0:02:40]} O-O {[%emt 0:01:15]} 26. axb4 {[%emt 0:01:32]} Nd5 {[%emt 0:00:06]} 27. Ra2 {[%emt 0:05:05]} Nxb4 {[%emt 0:00:24]} 28. Ra4 {[%emt 0:00:34]} Nd5 {[%emt 0:00:41]} 29. Ra2 {[%emt 0:00:07]} h4 {[%emt 0:02:23]} 30. Rb5 {[%emt 0:01:48]} Rc8 {[%emt 0:01:01]} 31. Rb7 {[%emt 0:01:35]} Bf8 {[%emt 0:00:29]} 32. Ke1 {[%emt 0:00:11]} Bf3 {[%emt 0:00:19]} 33. Rd7 {[%emt 0:03:00]} Bc5 {[%emt 0:03:01]} 34. Ba3 {[%emt 0:00:53]} Be3 {[%emt 0:00:58]} 35. Be7 {[%emt 0:01:54]} Rb8 {[%emt 0:05:47]} 36. Rd8+ {[%emt 0:00:27]} Rxd8 {[%emt 0:00:05]} 37. Bxd8 {[%emt 0:00:05]} Nb4 {[%emt 0:00:05]} 38. Ra4 {[%emt 0:02:02]} Nxc2+ {[%emt 0:00:05]} 39. Kf1 {[%emt 0:00:06]} Nd4 {[%emt 0:01:08]} 0-1

[Event "Holiday Invitational-IM 2019"]
[Site "Charlotte"]
[Date "2019.12.28"]
[Round "3.1"]
[White "Ludwig, John"]
[Black "Kolay, Alex"]
[Result "1-0"]
[WhiteElo "2360"]
[BlackElo "2261"]
[Annotator "TA"]
[PlyCount "111"]
[EventDate "2019.12.26"]
[EventType "tourn"]
[EventCountry "USA"]
[SourceTitle "playchess.com"]
[Source "ChessBase"]
[SourceQuality "1"]

{[%evp 10,111,0,1,15,0,29,11,14,8,20,36,35,30,40,37,31,34,30,27,22,25,43,25,23,5,16,0,36,33,46,52,68,54,91,47,48,42,70,30,138,156,168,183,175,181,205,183,202,199,236,223,227,108,231,232,241,108,108,99,183,192,195,185,157,165,188,150,159,167,168,168,161,150,144,155,210,210,216,204,175,148,148,148,147,147,147,137,169,177,229,231,257,368,444,428,654,634,29978,29978,29978,29979,29980,29978]} 1. e4 e5 2. Nf3 Nc6 3. Bb5 a6 4. Bxc6 dxc6 5. Nc3 Bc5 6. d3 Qe7 {C68: Ruy Lopez: Exchange Variation, sidelines} (6... Qd6 7. Be3 Bxe3 8. fxe3 Ne7 9. O-O O-O 10. Qe1 c5 11. b3 f6 12. a4 Be6 13. Nd2 Nc6 14. Nc4 Bxc4 15. dxc4 {½-½ (32) Cuartas,J (2526)-Rodriguez Vila,A (2537) Khanty-Mansiysk 2010}) 7. h3 Nf6 8. Qe2 (8. O-O {keeps more tension.} O-O 9. Re1 Rd8 10. Qe2 h6 11. Be3) 8... h6 {The position is equal.} 9. Be3 (9. a3 {feels hotter.} O-O 10. Be3 Bd6 11. O-O Re8 12. Nd2) 9... Bxe3 $146 (9... Bd6 {is interesting.} 10. Nd2 Be6 11. O-O Nd7 12. a3 O-O) ({Predecessor:} 9... Bb4 10. a3 Bxc3+ 11. bxc3 Be6 12. Nxe5 Bxh3 13. Nxc6 Qd6 14. Rxh3 Qxc6 {1-0 (25) Perez Pardo,A (1799)-Vestby Ellingsen,M Benidorm 2013}) 10. Qxe3 c5 11. O-O-O b6 12. Nd2 Bb7 13. f4 O-O-O 14. Nc4 exf4 15. Qxf4 Qe6 16. Ne3 Nd7 17. Rhf1 (17. Nf5 {seems wilder.} Qf6 18. Rhf1 Kb8 19. Qg3 Rhg8 20. Kb1) 17... Ne5 18. Nf5 g6 19. Ne3 b5 20. Kb1 Rd6 21. Qf2 f6 22. Ned5 Nd7 23. a3 $36 {[%mdl 2048] White fights for an advantage.} Rf8 24. Qg3 Qe8 (24... Bxd5 $11 25. exd5 Qf7) 25. Qxg6 $1 $16 {[%mdl 64] Deflection, Decoy} Qxg6 26. Ne7+ {[%mdl 64] Double Attack} Kd8 27. Nxg6 Rg8 28. Nf4 Rg3 29. Rd2 b4 30. axb4 cxb4 {[#]} 31. Ncd5 (31. Nce2 $1 $18 {[%cal Re2g3] and White stays clearly on top.} Rg5 32. g4) 31... a5 (31... f5 $16) 32. Nh5 $18 Rg6 {[#]} 33. g4 (33. Ne3 $1 $18) 33... Bxd5 $16 34. exd5 Rg5 (34... Nb6 $16 {is a better defense.}) 35. Nf4 $18 Re5 36. c4 bxc3 37. bxc3 {[%cal Bb2c3,Bc3c4][%mdl 32]} c6 38. c4 {aiming for d4.} cxd5 39. Nxd5 Nb6 40. Nxb6 Rxb6+ {[%mdl 4096] Endgame KRR-KRR} 41. Kc2 Re3 42. Rf5 Rxh3 (42... Ra6 $16 {was necessary.} 43. Rh5 a4 44. Rxh6 a3) 43. Rxa5 Rg3 44. Rd5+ Kc7 45. Rd4 Ra6 46. Kc3 Rh3 47. Rf4 Rg3 48. Kd4 Kd7 49. Ke4 Ke7 (49... Re6+ $142 50. Kd4 Rb6) 50. c5 Re6+ 51. Kd5 Re5+ 52. Kc6 Rg5 (52... Kf7 $142 53. d4 Re6+ 54. Kd5 Ra6) 53. d4 R3xg4 54. Rxg4 {White mates.} Rxg4 55. d5 Kd8 56. Ra2 {Accuracy: White = 62%, Black = 29%.} 1-0

[Event "Holiday Invitational-IM 2019"]
[Site "Charlotte"]
[Date "2019.12.28"]
[Round "3.2"]
[White "Bregadze, Levan"]
[Black "Myers, Dominique"]
[Result "1-0"]
[WhiteElo "2458"]
[BlackElo "2012"]
[Annotator "TA"]
[PlyCount "239"]
[EventDate "2019.12.26"]
[EventType "tourn"]
[EventCountry "USA"]
[SourceTitle "playchess.com"]
[Source "ChessBase"]
[SourceQuality "1"]

{[%evp 14,239,12,16,45,35,25,-13,-10,-7,-10,-14,-2,-12,0,0,0,0,9,2,1,0,0,-1,21,16,62,38,141,118,115,125,242,149,294,0,0,0,12,0,0,0,0,0,109,9,56,55,52,49,56,67,84,84,64,4,28,27,37,13,9,8,9,0,6,11,8,8,8,8,8,0,8,4,4,4,13,12,15,6,15,10,16,6,6,0,0,0,0,0,0,0,0,0,8,0,8,8,25,36,72,68,74,61,323,319,275,287,404,401,501,506,502,495,664,664,806,818,1163,117,115,115,117,75,143,141,131,51,51,51,58,0,64,51,54,53,53,14,53,14,14,14,14,14,33,23,24,24,29,24,33,21,22,0,0,0,0,0,0,0,72,72,72,72,72,72,72,72,72,72,73,72,72,72,72,72,72,72,72,72,72,72,72,72,72,72,73,72,72,72,72,72,72,72,73,73,73,73,73,73,73,73,73,73,73,73,75,0,73,73,73,73,73,73,75,75,29953,75,29985,29986,29988,29986,29989,29990,29992,29993,29994,29995]} 1. d4 Nf6 2. c4 g6 3. Nc3 d5 4. cxd5 Nxd5 5. Bd2 Nb6 6. Nf3 Bg7 7. Bf4 O-O 8. e3 c5 {D90: Grünfeld: 4 Nf3 Bg7 sidelines} (8... Be6 9. Be2 c5 10. dxc5 N6d7 11. Nd4 Nxc5 12. Nxe6 Nxe6 13. Bg3 Nc6 14. O-O Nc5 15. Rc1 Bxc3 16. Rxc3 {½-½ (31) Onischuk,A (2681)-Swiercz,D (2654) Saint Louis 2018}) 9. dxc5 N6d7 10. Bc4 Nc6 {The position is equal.} 11. O-O Nxc5 12. Qe2 Be6 13. Rfd1 $146 ({Predecessor:} 13. Ng5 Bxc4 14. Qxc4 Nd3 15. Qb5 e5 16. Rad1 {0-1 (50) Gajewski,G (2572)-Melkumyan,H (2530) Kavala 2009}) 13... Qa5 14. Nd5 $36 {[%mdl 2048] White is more active.} Bxd5 15. Bxd5 Na4 16. Bxc6 bxc6 17. Rd2 Rfd8 18. Rc2 Rd5 19. Rac1 Rad8 20. h3 h6 ({Better is} 20... Rc5 $14) 21. Rxc6 {Threatens to win with Bc7.} Qb4 22. e4 Rd3 (22... Rc5 $16) 23. Ne5 R3d4 (23... Qxb2 $16 24. R6c2 Bxe5 25. Rxb2 Bxf4) 24. Rc8 $2 (24. Nxf7 $18 Rxe4 {[%mdl 64] Double Attack} 25. Nxh6+ Kh7 26. Qg4) 24... Rxc8 $1 $11 25. Rxc8+ Kh7 26. Nxf7 Rxe4 27. Be3 Nxb2 28. Qf3 {Bxh6! is the strong threat.} Qb7 (28... Nc4 $11 {keeps the balance.} 29. Qxe4 Qe1+ 30. Kh2 Nd2) 29. Rc1 (29. Nxh6 $1 $16 {And now Rd8 would win.} Qxc8 30. Qxe4) 29... Rb4 30. Qxb7 Rxb7 31. Nd8 Rd7 32. Ne6 a5 33. Nxg7 Kxg7 $16 {[%mdl 4096] Endgame KRB-KRN} 34. Rb1 (34. Rc5 $14) 34... Nd1 35. Bf4 Rd5 36. Rb7 g5 37. Bc1 Kf7 38. Rb3 Rc5 39. Bd2 Rc2 40. Rf3+ Kg6 41. Bxa5 Rxa2 42. Bb6 Rd2 43. Bc5 e5 44. Ra3 Nb2 45. Ra6+ Kg7 $1 46. Kh2 Rd5 47. Ra7+ Kg6 48. Bf8 h5 49. Rg7+ Kf6 50. Rh7 h4 51. Rb7 Nd3 52. Be7+ Kf5 53. Rb6 {Black should prevent Rf6+.} e4 54. Rf6+ Ke5 55. Rg6 Kf4 56. Kg1 {aiming for Rg8.} Rb5 57. Rg8 Rb1+ 58. Kh2 Rb5 $2 {[%mdl 8192]} ({Black should play} 58... Kf5 $14) 59. Rf8+ $18 Ke5 {Black wants to play ...Ke6.} 60. Bxg5 Rb6 (60... Ke6 {was necessary.}) 61. Bxh4 Rh6 62. Bg5 Rg6 63. Be3 Ne1 64. g4 Nf3+ 65. Kg3 Ng1 66. h4 $2 (66. f4+ $18 {is the precise move to win.} exf3 67. Bxg1) 66... Ne2+ $16 67. Kg2 Rxg4+ 68. Kf1 Nc3 (68... Ng1 $142) 69. Re8+ Kd6 70. Bg5 ({White should try} 70. h5 $16 Nd5 71. Bd2) 70... Nd5 $14 71. Ke2 Nc3+ 72. Kf1 Nd5 $1 73. Ra8 {Hoping for Ra4.} Ke6 74. Ra5 Ke5 75. Ke2 Ke6 76. Rc5 Rg1 77. Rc6+ Ke5 78. Rc8 Nf4+ 79. Kd2 Ne6 80. Be3 {Strongly threatening f4+!} Rh1 81. Rh8 Ng7 82. Kc3 {Black must now prevent Bd4+.} Nf5 83. Bg5 Rh3+ 84. Kb4 Rf3 85. h5 {With the idea Re8+.} (85. Re8+ {is interesting.} Kd5 86. Rd8+ Ke5 87. Rd2 Rh3 88. Ra2) 85... Rxf2 86. h6 Nxh6 (86... Rh2 $11) 87. Bxh6 $11 {KRB-KR} Rb2+ 88. Kc3 Rb7 89. Re8+ Kf5 90. Rf8+ Ke5 91. Bf4+ Kd5 92. Rf5+ Ke6 93. Re5+ Kf6 94. Rxe4 Rd7 95. Be3 Kf5 96. Re8 Rd6 97. Bd4 Ra6 98. Kd3 Ra3+ 99. Bc3 Ra4 100. Re5+ Kf4 101. Rb5 $1 Ra3 102. Rb6 Kg5 103. Rc6 Ra4 104. Bd4 Kf5 105. Rf6+ Kg5 106. Rf8 Kg4 107. Ke4 Kg3 108. Rg8+ Kh4 109. Rg7 Kh3 110. Rg8 Kh4 111. Rg1 Rb4 112. Ke5 Kh3 113. Be3 Rc4 114. Bf4 Rc5+ $2 {[%mdl 8192] [#]} (114... Rb4 $16) 115. Ke4 $1 {Threatening mate with Kf3.} Rc3 $2 {[%mdl 8192] [#]} (115... Ra5 $16) 116. Be3 $1 {White mates.} Kh2 117. Rg6 Rc4+ 118. Kf3 Rh4 119. Bf4+ Kh3 120. Rg1 {Accuracy: White = 66%, Black = 44%.} 1-0

[Event "Holiday Invitational-IM 2019"]
[Site "Charlotte"]
[Date "2019.12.28"]
[Round "3.4"]
[White "Francisco, Richard"]
[Black "Furfine, Jacob"]
[Result "1-0"]
[WhiteElo "2281"]
[BlackElo "2302"]
[Annotator "TA"]
[PlyCount "108"]
[EventDate "2019.12.26"]
[EventType "tourn"]
[EventCountry "USA"]
[SourceTitle "playchess.com"]
[Source "ChessBase"]
[SourceQuality "1"]

{[%evp 13,108,36,33,2,14,8,37,12,59,0,10,-4,0,0,0,0,0,0,0,-8,23,43,132,83,143,111,126,0,0,-19,0,0,0,0,0,0,0,0,53,37,78,76,204,200,193,193,225,10,10,10,10,0,0,0,0,0,8,0,8,0,116,123,114,106,111,118,206,181,308,91,435,462,541,557,566,565,622,624,634,620,770,568,589,506,827,827,807,805,1279,832,29984,29985,29985,29986,29986,29987,29998]} 1. c4 e6 2. g3 f5 3. Bg2 Nf6 4. Nf3 Be7 5. Nc3 c6 6. O-O O-O 7. d3 d5 8. e4 {A10: English Opening: Unusual Replies for Black} fxe4 (8... dxe4 9. dxe4 Nxe4 10. Nxe4 fxe4 11. Qxd8 Rxd8 12. Ng5 e5 13. b3 Na6 14. Nxe4 Nb4 15. Ba3 a5 {½-½ (41) Donchenko,A (2452)-Pelletier,Y (2599) Legnica 2013}) 9. dxe4 dxc4 10. Qe2 {White is slightly better.} b5 11. Rd1 {[%mdl 1024] White has compensation.} Qe8 $1 12. e5 Nd5 13. Nd4 {Strongly threatening Ndxb5!} b4 $1 {[%cal Rb4c3]} 14. Ne4 c5 15. Nc2 $146 ({Predecessor:} 15. Nf3 Qh5 {0-1 (43) Engelmann,J (2213)-Schmidt Schaeffer,S (2385) Pardubice 2011}) 15... Bb7 16. Bg5 Bxg5 17. Nxg5 Rf5 (17... Nd7 $1 $14) 18. f4 {Nxe6! is the strong threat.} Rxg5 (18... Nd7 $142) 19. fxg5 $16 {And now Ne3 would win.} c3 20. bxc3 (20. Ne3 $1 $16 {[%cal Re3d5]} cxb2 21. Qxb2 Nxe3 22. Bxb7 Nxd1 23. Rxd1) 20... Nxc3 $11 {[%mdl 64] Double Attack} 21. Qd2 Bxg2 22. Qxg2 Nc6 23. Rd6 Rc8 $1 24. h4 Nb5 25. Rd2 Nxe5 ({Black should play} 25... Nc3 $11) 26. Qe2 $1 $14 {[%cal Re2e5]} Nf7 27. Re1 Nc3 (27... a5 $16) 28. Qc4 $18 ({Resist} 28. Qxe6 $6 Qxe6 29. Rxe6 Nxa2 $16) 28... Rc6 29. Rf2 Qb8 30. Rxe6 $2 ({White has to play} 30. Qg4 $1 $18) 30... Rxe6 $11 31. Qxe6 $40 {[%mdl 128] Black needs to defend precisely.} Qxg3+ {[%mdl 64] Double Attack} 32. Kf1 {[%cal Re6e8]} Qd3+ 33. Kg2 {[%cal Re6e8]} Qe4+ 34. Qxe4 Nxe4 {[%mdl 4096] Endgame KRN-KNN} 35. Re2 Nfd6 36. Kf3 Nc3 {[#]} (36... Kf7 $1 $11) 37. Re5 $1 $16 Nxa2 {Threatens to win with ...c4.} 38. Rxc5 b3 39. Na3 Kf7 (39... g6 $16 40. Kf4 Nb4) 40. Rc7+ {[%mdl 64] Double Attack} Ke6 (40... Kf8 {was worth a try.} 41. Rxa7 Nc3) 41. Rxa7 $2 (41. Rxg7 $18 {is the precise move to win.} b2 42. Rxh7) 41... Nc3 $2 {[%mdl 8192]} (41... g6 $16 {is tougher.} 42. Rxh7 b2) 42. Rc7 $18 ({Weaker is} 42. Rxg7 b2 $18) 42... Nd5 43. Rxg7 b2 {Black hopes to continue with ...Nb5.} 44. Rxh7 Nb5 45. Rb7 Nxa3 46. Rxb2 Kf5 47. Ra2 Nc4 48. Kg3 Ne5 {[#]} (48... Kg6 $142 49. Ra8 Kh5 50. Rh8+ Kg6) 49. Rf2+ $1 Kg6 50. Rd2 Ne7 51. Kf4 Nf5 {[#]} 52. h5+ $1 {[%mdl 512] White mates.} Kxh5 53. Kxf5 {[%cal Rd2h2]} Nf3 54. Rf2 Kh4 {Accuracy: White = 56%, Black = 31%.} 1-0

[Event "Holiday Invitational-IM 2019"]
[Site "Charlotte"]
[Date "2019.12.28"]
[Round "3.5"]
[White "Diulger, Alexey"]
[Black "Andrianov, Nikolai"]
[Result "1/2-1/2"]
[WhiteElo "2291"]
[BlackElo "2417"]
[Annotator "TA"]
[PlyCount "29"]
[EventDate "2019.12.26"]
[EventType "tourn"]
[EventCountry "USA"]
[SourceTitle "playchess.com"]
[Source "ChessBase"]
[SourceQuality "1"]

{[%evp 20,27,19,10,13,6,0,0,0,-7]} 1. e4 e5 2. Nf3 Nf6 3. Nxe5 d6 4. Nf3 Nxe4 5. Qe2 Qe7 6. d3 Nf6 7. Bg5 Qxe2+ 8. Bxe2 Be7 9. Nc3 c6 10. O-O-O Na6 {[%cal Bb8a6,Ba6c7,Bc7e6][%mdl 32]} 11. h3 {The position is equal.} Nc7 {C42: Petroff Defence: 3 Nxe5 and unusual White 3rd moves} 12. Rhe1 (12. Rde1 Bd7 13. Bd1 Ne6 14. Bd2 O-O-O 15. Ng5 Rhf8 16. f4 Rde8 17. Nf3 Nc7 18. Ne2 Bd8 19. g4 {½-½ (52) Bruzon Batista,L (2664)-Dragun,K (2578) Burlingame 2019}) 12... Ne6 13. Bd2 O-O 14. Bf1 {Predecessor:} Re8 $146 15. a3 {½-½ (15) Okhotnik,V (2468)-Skatchkov,P (2491) Creon 2008} 1/2-1/2

[Event "Holiday Invitational-IM 2019"]
[Site "Charlotte"]
[Date "2019.12.28"]
[Round "4.2"]
[White "Furfine, Jacob"]
[Black "Diulger, Alexey"]
[Result "1/2-1/2"]
[WhiteElo "2302"]
[BlackElo "2291"]
[Annotator "ChessBase"]
[PlyCount "135"]
[EventDate "2019.12.26"]
[EventType "tourn"]
[EventCountry "USA"]
[SourceTitle "playchess.com"]
[Source "ChessBase"]
[SourceQuality "1"]
[TimeControl "5400+30"]

1. d4 {[%emt 0:00:00]} c5 {[%emt 0:02:50]} 2. d5 {[%emt 0:00:00]} f5 {[%emt 0:00:02]} 3. e4 {[%emt 0:03:27]} fxe4 {[%emt 0:01:17]} 4. Nc3 {[%emt 0:01:23]} Nf6 {[%emt 0:02:21]} 5. g4 {[%emt 0:05:22]} h6 {[%emt 0:17:41]} 6. Bg2 {[%emt 0:01:23]} e5 {[%emt 0:02:26]} 7. h4 {[%emt 0:05:47]} d6 {[%emt 0:06:49]} 8. g5 {[%emt 0:01:41]} Bg4 {[%emt 0:01:30]} 9. Nge2 {[%emt 0:11:06]} hxg5 {[%emt 0:02:33]} 10. hxg5 {[%emt 0:01:52]} Rxh1+ {[%emt 0:00:03]} 11. Bxh1 {[%emt 0:00:05]} Nh7 {[%emt 0:06:03]} 12. Nxe4 {[%emt 0:03:16]} Be7 {[%emt 0:00:10]} 13. Qd3 {[%emt 0:00:51]} Nf8 {[%emt 0:02:12]} 14. Bd2 {[%emt 0:05:36]} Qb6 {[%emt 0:03:33]} 15. N2c3 {[%emt 0:05:52]} Na6 {[%emt 0:01:36]} 16. Qb5+ {[%emt 0:15:01]} Bd7 {[%emt 0:03:36]} 17. Qxb6 {[%emt 0:00:41]} axb6 {[%emt 0:00:02]} 18. f4 {[%emt 0:05:02]} Ng6 {[%emt 0:04:32]} 19. fxe5 {[%emt 0:00:24]} Nxe5 {[%emt 0:00:02]} 20. O-O-O {[%emt 0:02:24]} b5 {[%emt 0:02:03]} 21. Bf4 {[%emt 0:03:03]} b4 {[%emt 0:00:15]} 22. Bxe5 {[%emt 0:01:18]} dxe5 {[%emt 0:00:09]} 23. Ne2 {[%emt 0:00:13]} Bg4 {[%emt 0:01:31]} 24. Rd2 {[%emt 0:01:34]} Bxe2 {[%emt 0:01:07]} 25. Rxe2 {[%emt 0:00:01]} O-O-O {[%emt 0:00:32]} 26. d6 {[%emt 0:03:48]} Bxd6 {[%emt 0:01:33]} 27. Nxd6+ {[%emt 0:00:04]} Rxd6 {[%emt 0:00:04]} 28. Rxe5 {[%emt 0:00:04]} b6 {[%emt 0:05:48]} 29. Re7 {[%emt 0:00:16]} Rd7 {[%emt 0:00:14]} 30. Re6 {[%emt 0:01:01]} Rf7 {[%emt 0:03:57]} 31. Be4 {[%emt 0:01:23]} Rf4 {[%emt 0:03:27]} 32. Bd3 {[%emt 0:01:02]} c4 {[%emt 0:08:09]} 33. Rc6+ {[%emt 0:01:15]} Kd7 {[%emt 0:01:09]} 34. Rxc4 {[%emt 0:00:05]} Rxc4 {[%emt 0:00:05]} 35. Bxc4 {[%emt 0:00:03]} Nc5 {[%emt 0:00:06]} 36. b3 {[%emt 0:04:30]} Ne4 {[%emt 0:03:57]} 37. g6 {[%emt 0:00:12]} Nc3 {[%emt 0:00:21]} 38. Kb2 {[%emt 0:00:26]} Nd1+ {[%emt 0:00:07]} 39. Kc1 {[%emt 0:00:05]} Nc3 {[%emt 0:00:05]} 40. Kd2 {[%emt 0:04:12]} Nxa2 {[%emt 0:00:11]} 41. Ke3 {[%emt 0:00:12]} Nc3 {[%emt 0:01:25]} 42. Kd4 {[%emt 0:00:32]} Kd6 {[%emt 0:06:39]} 43. Bd3 {[%emt 0:02:29]} b5 {[%emt 0:02:16]} 44. Bf1 {[%emt 0:00:18]} Ke6 {[%emt 0:00:38]} 45. Kc5 {[%emt 0:00:32]} Na2 {[%emt 0:00:07]} 46. Bxb5 {[%emt 0:02:43]} Kf6 {[%emt 0:00:08]} 47. Bd3 {[%emt 0:01:36]} Ke7 {[%emt 0:00:20]} 48. Kd5 {[%emt 0:00:28]} Kd7 {[%emt 0:00:26]} 49. Ke5 {[%emt 0:01:06]} Nc3 {[%emt 0:00:29]} 50. Bf5+ {[%emt 0:00:44]} Ke7 {[%emt 0:00:05]} 51. Kd4 {[%emt 0:00:23]} Kd6 {[%emt 0:01:15]} 52. Kc4 {[%emt 0:00:30]} Na2 {[%emt 0:00:24]} 53. Bd3 {[%emt 0:00:40]} Kc6 {[%emt 0:00:26]} 54. Be4+ {[%emt 0:00:08]} Kd6 {[%emt 0:00:12]} 55. Bf3 {[%emt 0:00:03]} Ke5 {[%emt 0:00:20]} 56. Bd5 {[%emt 0:01:21]} Kf5 {[%emt 0:00:53]} 57. Bf7 {[%emt 0:00:05]} Ke5 {[%emt 0:00:30]} 58. Kc5 {[%emt 0:00:07]} Kf6 {[%emt 0:00:13]} 59. Be8 {[%emt 0:01:44]} Kf5 {[%emt 0:00:14]} 60. Kd5 {[%emt 0:01:36]} Kf6 {[%emt 0:00:41]} 61. Kd6 {[%emt 0:00:17]} Nc3 {[%emt 0:00:07]} 62. Kc5 {[%emt 0:00:14]} Na2 {[%emt 0:00:02]} 63. Kd5 {[%emt 0:00:14]} Nc3+ {[%emt 0:01:08]} 64. Kd6 {[%emt 0:01:16]} Na2 {[%emt 0:00:17]} 65. Bf7 {[%emt 0:00:47]} Nc3 {[%emt 0:00:17]} 66. Kc5 {[%emt 0:00:05]} Na2 {[%emt 0:00:01]} 67. Kc4 {[%emt 0:00:08]} Kf5 {[%emt 0:00:15]} 68. Kd4 {[%emt 0:02:11]} 1/2-1/2

[Event "Holiday Invitational-IM 2019"]
[Site "Charlotte"]
[Date "2019.12.28"]
[Round "4.3"]
[White "Cervantes Landeiro, Thalia"]
[Black "Francisco, Richard"]
[Result "0-1"]
[WhiteElo "2289"]
[BlackElo "2281"]
[Annotator "RC"]
[PlyCount "122"]
[EventDate "2019.12.26"]
[EventType "tourn"]
[EventCountry "USA"]
[SourceTitle "playchess.com"]
[Source "ChessBase"]
[SourceQuality "1"]
[TimeControl "5400+30"]

1. d4 {[%emt 0:00:00]} Nf6 {[%emt 0:02:05]} 2. c4 {[%emt 0:00:00]} e6 {[%emt 0:00:23]} 3. Nf3 {[%emt 0:00:00]} Bb4+ {[%emt 0:01:39]} 4. Nbd2 {[%emt 0:00:00]} O-O {[%emt 0:00:28]} 5. a3 {[%emt 0:00:04]} Be7 {[%emt 0:00:07]} 6. e4 {[%emt 0:01:57]} d6 {[%emt 0:00:11]} 7. Bd3 {[%emt 0:03:57]} c5 {[%emt 0:01:53]} 8. O-O {[%emt 0:03:14]} cxd4 {[%emt 0:13:15]} 9. Nxd4 {[%emt 0:00:17]} e5 {[%emt 0:00:51]} 10. Nc2 {[%emt 0:03:57]} Nc6 {[%emt 0:01:38]} 11. b4 {[%emt 0:02:18]} Be6 {[%emt 0:03:51]} 12. Bb2 {[%emt 0:04:12]} Rc8 {[%emt 0:03:27]} 13. Ne3 {[%emt 0:04:39]} g6 {[%emt 0:09:53]} 14. Nd5 {[%emt 0:06:54]} Nh5 {[%emt 0:02:09]} 15. Be2 {[%emt 0:08:22]} Nf4 {[%emt 0:03:01]} 16. Nxf4 {[%emt 0:14:07]} exf4 {[%emt 0:00:15]} 17. Nf3 {[%emt 0:01:21]} Bf6 {[%emt 0:02:27]} 18. Qc2 {[%emt 0:08:00]} Bg4 {[%emt 0:08:23]} 19. Nd4 {[%emt 0:14:25]} Bxe2 {[%emt 0:06:46]} 20. Nxc6 {[%emt 0:04:23]} Rxc6 {[%emt 0:01:41]} 21. Bxf6 {[%emt 0:00:50]} Qxf6 {[%emt 0:00:06]} 22. Qxe2 {[%emt 0:00:04]} Rfc8 {[%emt 0:01:29]} 23. Rac1 {[%emt 0:09:15]} Qe6 {[%emt 0:05:16]} 24. Qf3 {[%emt 0:02:28]} Rxc4 {[%emt 0:01:09]} 25. Rxc4 {[%emt 0:00:36]} Rxc4 {[%emt 0:00:12]} 26. Qxf4 {[%emt 0:00:13]} Rxe4 {[%emt 0:00:48]} 27. Qd2 {[%emt 0:00:05]} Qe5 {[%emt 0:04:12]} 28. h3 {[%emt 0:00:54]} Re2 {[%emt 0:01:27]} 29. Qc1 {[%emt 0:00:25]} Kg7 {[%emt 0:02:06]} 30. Qc7 {[%emt 0:04:10]} Qe7 {[%emt 0:03:17]} 31. Qc3+ {[%emt 0:00:09]} Qf6 {[%emt 0:00:31]} 32. Qd3 {[%emt 0:00:54]} Qe5 {[%emt 0:02:40]} 33. Rd1 {[%emt 0:02:20]} Re1+ {[%emt 0:01:58]} 34. Rxe1 {[%emt 0:00:02]} Qxe1+ {[%emt 0:00:07]} 35. Kh2 {[%emt 0:00:03]} Qe5+ {[%emt 0:00:23]} 36. g3 {[%emt 0:00:23]} a6 {[%emt 0:03:06]} 37. f4 {[%emt 0:01:18]} Qe6 {[%emt 0:01:33]} 38. Kg2 {[%emt 0:00:47]} d5 {[%emt 0:00:58]} 39. Qd4+ {[%emt 0:00:58]} Kg8 {[%emt 0:00:07]} 40. Kf2 {[%emt 0:01:24]} Qe4 {[%emt 0:00:48]} 41. Qc5 {[%emt 0:00:29]} d4 {[%emt 0:01:31]} 42. Qe5 {[%emt 0:00:34]} Qc2+ {[%emt 0:06:58]} 43. Kf3 {[%emt 0:00:23]} Qc6+ {[%emt 0:02:26]} 44. Ke2 {[%emt 0:00:37]} Qc2+ {[%emt 0:01:31]} 45. Kf3 {[%emt 0:00:06]} Qd3+ {[%emt 0:00:51]} 46. Kf2 {[%emt 0:00:30]} h5 {[%emt 0:00:41]} 47. Qb8+ {[%emt 0:00:49]} Kg7 {[%emt 0:00:07]} 48. Qe5+ {[%emt 0:00:10]} Kh7 {[%emt 0:00:07]} 49. Qd5 {[%emt 0:00:38]} Qe3+ {[%emt 0:00:41]} 50. Kf1 {[%emt 0:00:27]} Kg8 {[%emt 0:00:59]} 51. Qxb7 {[%emt 0:00:48]} d3 {[%emt 0:00:32]} 52. Qc8+ {[%emt 0:00:29]} Kh7 {[%emt 0:00:26]} 53. Qd7 {[%emt 0:00:25]} Qf3+ {[%emt 0:00:10]} 54. Kg1 {[%emt 0:00:03]} Qxg3+ {[%emt 0:00:06]} 55. Kh1 {[%emt 0:00:32]} Qf3+ {[%emt 0:00:58]} 56. Kg1 {[%emt 0:00:06]} Qe3+ {[%emt 0:00:16]} 57. Kg2 {[%emt 0:00:56]} Kg7 {[%emt 0:00:14]} 58. f5 {[%emt 0:00:50]} d2 {[%emt 0:01:35]} 59. h4 {[%emt 0:00:35]} Qe2+ {[%emt 0:00:18]} 60. Kg3 {[%emt 0:00:12]} Qg4+ {[%emt 0:00:16]} 61. Kf2 {[%emt 0:00:23]} d1=Q {[%emt 0:00:19]} 0-1